000 00705nam a2200205 4500
001 148098
003 ES-MaACL
005 20230906202429.0
007 t|
008 070214s1972 sp r ||||1| spa d
100 1 _aSting, Hellmuth.
_9108231
245 1 0 _aMódulo de vivienda y grupo residencial
_b: tipologías /
_cHellmuth Sting ; [versión de Juan J. Garrido Ibáñez].
260 _aBarcelona :
_bGustavo Gili,
_c[1972] (
_fFerrer Coll)
300 _a44 p. :
_bil. ;
_c27 cm.
490 1 _aTemas de Arquitectura actual ;
_v11
700 1 _aGarrido, Juan J.
_955676
830 0 _aTemas de Arquitectura actual ;
_v11
_9187499
852 _aES-MaACL
_jC-43003
_bR.82559
999 _c148098
_d148098